Northwestern University law review

Bibliographic Details
Previous Title:Illinois law review (Online)
Corporate Author: Northwestern University (Evanston, Ill.). School of Law
Format: Electronic Journal
Language:English
Published: [Chicago, Ill.] : Northwestern University School of Law
Subjects:
Online Access:Full text available from Research Library: 01/01/1997 to present

MARC

LEADER 00000nas a2200000 a 4500
001 ssj0001157
003 WaSeSS
005 20200512172242.0
006 m d
007 cr n
008 001108c19529999iluqr p s 0 0eng c
010 |a  2007228659 
022 |y 0029-3571 
035 |a (WaSeSS)ssj0001157 
040 |a HNK  |b eng  |c HNK  |d OCLCQ  |d UV0  |d DOS  |d OCLCE  |d OCLCQ  |d OCLCF  |d OCLCA  |d OCL  |d OCLCQ  |d WT2  |d OCLCA  |d OCLCQ  |d WYU  |d VT2  |d UUM  |d OCLCO  |d OCLCQ  |d OCLCO  |d WaSeSS 
042 |a pcc 
043 |a n-us-il 
050 1 4 |a K14  |b .O77 
082 0 4 |a 340/.05  |2 19 
130 0 |a Northwestern University law review (Online) 
245 1 0 |a Northwestern University law review  |h [electronic resource]. 
246 1 3 |a Nw. U.L. Rev 
260 |a [Chicago, Ill.] :  |b Northwestern University School of Law 
310 |a Quarterly 
362 1 |a Began with vol. 47, no. 1 (Mar./Apr. 1952). 
500 |a Latest issued consulted: Vol. 100, no. 4 (summer 2006) (viewed Sept. 21, 2007). 
506 |a License restrictions may limit access. 
538 |a Mode of access: World Wide Web. 
588 0 |a First issue; title from caption on page 1 (Hein Online, viewed Sept. 21, 2007). 
650 0 |a Law reviews  |z Illinois. 
650 0 |a Law  |v Periodicals. 
650 7 |a Law.  |2 fast  |0 (OCoLC)fst00993678 
650 7 |a Law reviews.  |2 fast  |0 (OCoLC)fst00994120 
650 1 7 |a Recht.  |2 gtt 
651 7 |a Illinois.  |2 fast  |0 (OCoLC)fst01205143 
655 0 |a Electronic journals. 
710 2 |a Northwestern University (Evanston, Ill.).  |b School of Law. 
776 0 8 |i Print version:  |t Northwestern University law review  |x 0029-3571  |w (DLC) 08006362  |w (OCoLC)1607632 
780 0 0 |t Illinois law review (Online)  |w (DLC) 2007228660  |w (OCoLC)49712889 
856 4 0 |z Full text available from Research Library: 01/01/1997 to present  |u https://search.proquest.com/publication/37235